000 00392nam a2200169Ia 4500
005 20240702003646.0
008 240331s9999 xx 000 0 und d
020 _a0415065690
082 _a100
_bPOP
100 _aPopper, K
245 4 _aThe poverty of historicism
260 _aLondon
_bRoutledge
_c1957
300 _ax, 166 p .,
650 _aPhilosophy
650 _aHistory
942 _cL
999 _c706
_d706